ბათუმის შოთა რუსთაველის სახელმწიფო უნივერსიტეტის ბიბლიოთეკა

ქართული ენა ფონეტიკისა და მორფოლოგიის პრაქტიკუმი I : (ბიბ.ჩანაწერი № 54624)

000 -ლიდერი
ფიქსირებული სიგრძის საკონტროლო ველი 01264nam a2200253Ia 4500
001 - საკონტროლო ნომერი
საკონტროლო ველი 21691
003 - საკონტროლო ნომრის იდენტიფიკატორი
საკონტროლო ველი GE_BSU
005 - ბოლო ოპერაციის თარიღი და დრო
საკონტროლო ველი 20211215161301.0
008 - ფიქსირებული სიგრძის მონაცემთა ელემენტები - ზოგადი ინფორმაცია
ფიქსირებული სიგრძის საკონტროლო ველი 181216s1960||||ge |||||||||||||| ||geo||
040 ## - კატალოგიზაციის წყარო
Transcribing agency GE_BSU
041 ## - ენის კოდი
Language code of text/sound track or separate title geo
080 ## - უნივერსალური ათობითი კლასიფიკაციის ინდექსი
Universal Decimal Classification number 811.353.1(076.5) კ-49
100 ## - მთავარი ჩანაწერი - პიროვნების სახელი
Personal name კიზირია, ანტონ
9 (RLIN) 7225
245 ## - ცნობა სათაურის შესახებ
Title ქართული ენა ფონეტიკისა და მორფოლოგიის პრაქტიკუმი I :
Remainder of title დამხმ. სახელმძღვ. პედ. ინსტიტუტების სტუდენტებისათვის.
Statement of responsibility, etc ანტონ კიზირია ; რედ. ე. პოლოლიკაშვილი
250 ## - გამოცემის ცნობა
Edition statement მე-2 შევსებული გამოცემა
264 ## - წარმოების, გამოცემის, დისტრიბუციის და სხვა ცნობები
გამოცემის, წარმოების, დისტრიბუციის... ადგილი თბილისი :
გამოცემის, წარმოების, დისტრიბუციის... სახელწოდება ცოდნა,
გამოცემის, წარმოების, დისტრიბუციის... თარიღი 1960.
300 ## - ფიზიკური აღწერა
Extent 169 გვ. ;
Dimensions 21 სმ.
653 ## - INDEX TERM--UNCONTROLLED
Uncontrolled term პრაქტიკუმი
653 ## - INDEX TERM--UNCONTROLLED
Uncontrolled term ქართული ენა
653 ## - INDEX TERM--UNCONTROLLED
Uncontrolled term ფონეტიკისა და მორფოლოგიის პრაქტიკუმი
700 ## - ADDED ENTRY--PERSONAL NAME
Personal name პოლოლიკაშვილი, ე.
Relator term რედაქტორი
9 (RLIN) 13300
942 ## - ADDED ENTRY ELEMENTS (KOHA)
Koha item type წიგნი
Source of classification or shelving scheme
ეგზემპლარები
ჩამოწერის სტატუსი დაკარგული ეგზემპლარის სტატუსი კლასიფიკაციის წყარო ან თაროზე გაწყობის სქემა დაზიანების სტატუსი არ გაიცემა მუდმივი მდებარეობა (დაცვის ადგილი) ამჟამინდელი ადგილსამყოფელი თაროზე განთავსების ადგილი შეძენის თარიღი ღირებულება, შესყიდვის ნორმალური ფასი სრული შენახვის შიფრი შტრიხკოდი ბოლო ოპერაციის თარიღი ეგზემპლარის მიმდევრობითი ნომერი (კეტერი?) ფასის ძალაში შესვლის თარიღი ეგზემპლარის სახეობა საჯარო შენიშვნა
          ბათუმის შოთა რუსთაველის სახელმწიფო უნივერსიტეტის მთავარი ბიბლიოთეკა ბათუმის შოთა რუსთაველის სახელმწიფო უნივერსიტეტის მთავარი ბიბლიოთეკა წიგნსაცავი 2018-12-17 0.64 811.353.1(076.5) კ-49 55816 2018-12-17 55816 2018-12-17 წიგნი 0.64 ₾.
          ბათუმის შოთა რუსთაველის სახელმწიფო უნივერსიტეტის მთავარი ბიბლიოთეკა ბათუმის შოთა რუსთაველის სახელმწიფო უნივერსიტეტის მთავარი ბიბლიოთეკა წიგნსაცავი 2018-12-17 0.64 811.353.1(076.5) კ-49 55817 2018-12-17 55817 2018-12-17 წიგნი 0.86 ₾.
          ბათუმის შოთა რუსთაველის სახელმწიფო უნივერსიტეტის მთავარი ბიბლიოთეკა ბათუმის შოთა რუსთაველის სახელმწიფო უნივერსიტეტის მთავარი ბიბლიოთეკა წიგნსაცავი 2018-12-17 0.64 811.353.1(076.5) კ-49 55818 2018-12-17 55818 2018-12-17 წიგნი 0.64 ₾.
          ბათუმის შოთა რუსთაველის სახელმწიფო უნივერსიტეტის მთავარი ბიბლიოთეკა ბათუმის შოთა რუსთაველის სახელმწიფო უნივერსიტეტის მთავარი ბიბლიოთეკა წიგნსაცავი 2018-12-17 0.64 811.353.1(076.5) კ-49 55819 2018-12-17 55819 2018-12-17 წიგნი 0.64 ₾.
          ბათუმის შოთა რუსთაველის სახელმწიფო უნივერსიტეტის მთავარი ბიბლიოთეკა ბათუმის შოთა რუსთაველის სახელმწიფო უნივერსიტეტის მთავარი ბიბლიოთეკა წიგნსაცავი 2018-12-17 0.64 811.353.1(076.5) კ-49 55820 2018-12-17 55820 2018-12-17 წიგნი 0.86 ₾.
          ბათუმის შოთა რუსთაველის სახელმწიფო უნივერსიტეტის მთავარი ბიბლიოთეკა ბათუმის შოთა რუსთაველის სახელმწიფო უნივერსიტეტის მთავარი ბიბლიოთეკა წიგნსაცავი 2018-12-17 0.86 811.353.1(076.5) კ-49 56234 2018-12-17 56234 2018-12-17 წიგნი 0,86 ₾.